Journal of social and management sciences (Record no. 20978)
[ view plain ]
| 000 -LEADER | |
|---|---|
| fixed length control field | 01351nam a22003737a 4500 |
| 005 - DATE AND TIME OF LATEST TRANSACTION | |
| control field | 20090114143631.0 |
| 008 - FIXED-LENGTH DATA ELEMENTS--GENERAL INFORMATION | |
| fixed length control field | 750920c19729999ii qr p 0 a0eng |
| 010 ## - LIBRARY OF CONGRESS CONTROL NUMBER | |
| LC control number | 72901031 |
| 022 ## - INTERNATIONAL STANDARD SERIAL NUMBER | |
| International Standard Serial Number | 0970-8448 |
| Incorrect ISSN | 0032-6690 |
| 035 ## - SYSTEM CONTROL NUMBER | |
| System control number | (OCoLC)ocm01641743 |
| 040 ## - CATALOGING SOURCE | |
| Original cataloging agency | DLC |
| Transcribing agency | MnMULS |
| Modifying agency | CtY |
| -- | MH |
| -- | DLC |
| -- | NST |
| -- | DLC |
| -- | NST |
| -- | ICRL |
| -- | OCoLC |
| 042 ## - AUTHENTICATION CODE | |
| Authentication code | lc |
| 043 ## - GEOGRAPHIC AREA CODE | |
| Geographic area code | a-ii--- |
| 050 ## - LIBRARY OF CONGRESS CALL NUMBER | |
| Classification number | HG1505 |
| Item number | .P7 |
| 082 ## - DEWEY DECIMAL CLASSIFICATION NUMBER | |
| Classification number | 332.10954 |
| Edition number | 19 |
| 245 ## - TITLE STATEMENT | |
| Title | Journal of social and management sciences |
| 247 ## - FORMER TITLE | |
| Title | Prajnan |
| 260 ## - PUBLICATION, DISTRIBUTION, ETC. (IMPRINT) | |
| Place of publication, distribution, etc | Bombay, |
| Name of publisher, distributor, etc | National Institute of Bank Management. |
| 300 ## - PHYSICAL DESCRIPTION | |
| Extent | v. |
| Dimensions | 25 cm. |
| 310 ## - CURRENT PUBLICATION FREQUENCY | |
| Current publication frequency | Quarterly |
| 362 ## - DATES OF PUBLICATION AND/OR SEQUENTIAL DESIGNATION | |
| Dates of publication and/or sequential designation | v. 1- Jan./Mar. 1972- |
| 550 ## - ISSUING BODY NOTE | |
| Issuing body note | Journal of the National Institute of Bank Management. |
| 590 ## - LOCAL NOTE (RLIN) | |
| Local note | SERBIB/SERLOC merged record |
| 650 ## - SUBJECT ADDED ENTRY--TOPICAL TERM | |
| Topical term or geographic name as entry element | Banks and banking |
| Geographic subdivision | India |
| Form subdivision | Periodicals. |
| 650 ## - SUBJECT ADDED ENTRY--TOPICAL TERM | |
| Topical term or geographic name as entry element | Bank management |
| Form subdivision | Periodicals. |
| 710 ## - ADDED ENTRY--CORPORATE NAME | |
| Corporate name or jurisdiction name as entry element | National Institute of Bank Management (India) |
| 270 ## - ADDRESS | |
| Address | NIBM Post Office, Kondhwe Khurd |
| City | Pune |
| Country | India |
| Postal code | 411048 |
| 906 ## - LOCAL DATA ELEMENT F, LDF (RLIN) | |
| a | 7 |
| b | cbc |
| c | serials |
| d | 3 |
| e | ncip |
| f | 19 |
| g | n-oclcserc |
| 936 ## - OCLC/CONSER MISCELLANEOUS DATA (OCLC); PIECE USED FOR CATALOGING (pre-AACR2) (RLIN) | |
| OCLC control number(s) of parallel record(s) (OCLC); Piece used for cataloging, PUC (RLIN) | Jan./Mar. 1982 |
| 942 ## - ADDED ENTRY ELEMENTS (KOHA) | |
| Source of classification or shelving scheme | Dewey Decimal Classification |
| Item type | Periodicals |
| Classification part | 332.10954 |
| Call number suffix | PRA |
| Serial record | 1 |
| Withdrawn status | Lost status | Source of classification or shelving scheme | Damaged status | Not for loan | Collection code | Home library | Current library | Date acquired | Total Checkouts | Full call number | Date last seen | Price effective from | Koha item type |
|---|---|---|---|---|---|---|---|---|---|---|---|---|---|
| Dewey Decimal Classification | Not For Loan | Non-fiction | D.B.Act.Division | D.B.Act.Division | 14/01/2009 | 332.10954 PRA | 14/01/2009 | 14/01/2009 | Periodicals |
